00883nam a22002537b 4500003000500000005001700005008004100022020002600063040002400089041001400113082001200127100003200139245004100171250001900212260005400231300003100285655003000316655003000346655003100376655003600407942005800443999001900501952010900520322820251210151919.0251210b sa ||||| |||| 00| 1 AFR d a0624020924 (hardback) aMPLbengc2000erda aAfrikaans 0aAF VENT 965133aVenter, F.A.eauthor aDie koning se wingerd /cF.A. Venter aEerste uitgawe aKaapstad :bTafelberg-Uitgewers ,c©1984,c1984. a294 pages :bjacketc21 cm 09189056aAfrikaans Fiction 09188069aReligious Fiction 09116610aHistorical fiction 09188670aHuman Relations Fiction 2ddccBKw296xPhillipina Naudey296zPhillipina Naude c790567d790566 00102ddc40708FaKLIPLbKLIPLcFICd2025-12-10l0oAF VENTp52738r2025-12-10w2025-12-10yBKzD87655